000 01089nam a2200289 i 4500
003 DO-SdBNP
005 20250716111955.0
007 ta
008 250716s199u dr a 000 0 spa d
040 _aDO-SdBNP
_bspa
_cBNPHU
_erda
041 _aspa
082 4 _axxx
_bL783
_222
100 1 _aLiu, C.C.
_eautor
_916020
_4aut.
245 1 0 _aMasaje en función de la patología :
_b(los pies punto clave de la salud) /
_cC.C. Liu ; corrección, Leonardo A. Jovine Brea, Thimo Pimentel, Manuel F. Guzmán Landolfi
250 _aSegunda edición, revisada, corregida y ampliada
264 1 _aSanto Domingo :
_bPublicación Almonte,
_c[199-].
300 _a89, páginas :
_bilustraciones ;
_c21 cm.
336 _atexto
_btxt
_2rdacontent
337 _asin mediación
_bn
_2rdamedia
338 _avolumen
_bnc
_2rdacarrier
590 _aInventariado, 2025/ YL
700 1 _aJovine Brea, Leonardo A.
_ecorrección
_4co.
_925318
700 1 _aPimentel, Thimo
_ecorrección
_4co.
_96477
700 1 _aGuzmán Landolfi, Manuel F.
_ecorrección
_4co.
_988371
910 _aYLockward
942 _2ddc
_cLBS1
999 _c59557
_d59557